Las dobles escalas salariales en funcin̤ de la fecha de ingreso del trabajador y el derecho a la igualdad

Bibliographic Details
Main Author: Falguera Bar,̤ Miquel ℓngel
Format: Book
Language:Spanish
Published: Albacete : Bomarzo, 2007.
Subjects:
Online Access:Acceso restringido

MARC

LEADER 00000cam a2200000 i 4500
005 20111111143722.0
007 cr|||| ||||
008 070320s2007 sp || |||| ||spa c
017 |a D.L.AB37-2007 
020 |a 978-84-96721-04-3 
035 |a 5942 
040 |a SpMaUCDE  |d BUS  |d vLex 
080 |a 349.2:331.2(460) 
090 |c 2767  |d 2767 
100 1 |a Falguera Bar,̤ Miquel ℓngel. 
245 1 4 |a Las dobles escalas salariales en funcin̤ de la fecha de ingreso del trabajador y el derecho a la igualdad  |h [Recurso electrn̤ico] /  |c Miquel ℓngel Falguera Bar̤ 
256 |a Servicio en ln̕ea 
260 |a Albacete :  |b Bomarzo,  |c 2007. 
300 |a 1 recurso electrn̤ico 
504 |a Bibliografa̕: p. 89-90. 
506 1 |a Contenido solo disponible en los productos indicados  |d vLex Global  |d vLex Global (Academic Edition, excluding Law Schools)  |d vLex Global (U.S. Academic Edition, Law Schools)  |d vLex Global (U.S. Academic Edition, excluding Law Schools)  |d vLex Global (Academic Edition, Law Schools) 
650 0 4 |a Igualdad de remuneracin̤. 
650 0 4 |a Salarios  |x Derecho  |z Espaą. 
740 0 |a vLex Libros (Servicio en ln̕ea) 
856 4 0 |u http://vlex.com/source/dobles-escalas-salariales-funcion-fecha-ingreso-trabajador-derecho-igualdad-5942  |z Acceso restringido 
942 |c BOOK